000 00369nam a2200133Ia 4500
008 240624s9999 xx 000 0 und d
041 _aeng
082 _a332 FEL
100 _aFELDMAN GERALD D
245 _aFINANCE AND MODERNIZATION A TRANSNATIONA
260 _c2008
_aEngland
_bAshgate Publishing Limited
300 _axviii, : 300 : p. : cm. ; 24
365 _cGBP
_b30
999 _c19362
_d19362